<?xml version="1.0" encoding="UTF-8"?>
<record
    xmlns:xsi="http://www.w3.org/2001/XMLSchema-instance"
    xsi:schemaLocation="http://www.loc.gov/MARC21/slim http://www.loc.gov/standards/marcxml/schema/MARC21slim.xsd"
    xmlns="http://www.loc.gov/MARC21/slim">

  <leader>00259nam a2200097Ia 4500</leader>
  <controlfield tag="001">759133</controlfield>
  <controlfield tag="005">20250826164910.0</controlfield>
  <controlfield tag="008">250824s9999    xx            000 0 und d</controlfield>
  <datafield tag="245" ind1=" " ind2="0">
    <subfield code="a">KIR &#xC7;&#x130;&#xC7;E&#x11E;&#x130; TEPES&#x130;</subfield>
    <subfield code="c">Yazar Ad&#x131; Belirtilmemi&#x15F;</subfield>
  </datafield>
  <datafield tag="260" ind1=" " ind2=" ">
    <subfield code="b">ARKADYA YAYINLARI</subfield>
  </datafield>
  <datafield tag="999" ind1=" " ind2=" ">
    <subfield code="c">759133</subfield>
    <subfield code="d">759133</subfield>
  </datafield>
  <datafield tag="952" ind1=" " ind2=" ">
    <subfield code="0">0</subfield>
    <subfield code="1">0</subfield>
    <subfield code="4">0</subfield>
    <subfield code="7">0</subfield>
    <subfield code="a">1035</subfield>
    <subfield code="b">1035</subfield>
    <subfield code="d">2025-08-24</subfield>
    <subfield code="l">0</subfield>
    <subfield code="p">10354155</subfield>
    <subfield code="r">2025-08-26 16:49:10</subfield>
    <subfield code="w">2025-08-26</subfield>
    <subfield code="y">BK</subfield>
  </datafield>
</record>
